[Event "NED-chT 2223"]
[Site "Netherlands"]
[Date "2023.04.01"]
[Round "8.8"]
[White "Jens, Jelmer"]
[Black "Pham, Khoi"]
[Result "1-0"]
[WhiteElo "2400"]
[BlackElo "2368"]
[PlyCount "75"]
[EventDate "2022.09.17"]
[EventType "team-tourn"]
[EventRounds "9"]
[EventCountry "NED"]
[SourceTitle "EXT 2024"]
[Source "ChessBase"]
[SourceDate "2023.10.10"]
[SourceVersion "1"]
[SourceVersionDate "2023.10.10"]
[SourceQuality "1"]
[WhiteTeam "Leiden LSG"]
[BlackTeam "Kennemer Combinatie"]
[WhiteTeamCountry "NED"]
[BlackTeamCountry "NED"]

1. e4 c5 2. Nf3 d6 3. d4 cxd4 4. Nxd4 Nf6 5. Nc3 a6 6. Bg5 Nbd7 7. Bc4 Qb6 8. Bb3 e6 9. Qd2 Be7 10. 0-0-0 Nc5 11. Rhe1 h6 12. Bh4 0-0 13. g3 Qc7 14. f4 Re8 15. e5 dxe5 16. fxe5 Nfd7 17. Bxe7 Rxe7 18. Qe3 b5 19. a3 Rb8 20. g4 Nf8 21. g5 Nxb3+ 22. cxb3 hxg5 23. Qxg5 b4 24. axb4 Nh7 25. Qh5 f5 26. Re3 Bd7 27. Rh3 g5 28. Qg6+ Rg7 29. Nxe6 Rxg6 30. Nxc7 Nf8 31. N3d5 Kf7 32. Nf6 Be6 33. Rd6 Rc8 34. Rc3 Bxb3 35. Rxa6 Nd7 36. Ra7 Nxf6 37. exf6 Kxf6 38. Rxb3 1-0

[Event "Titled Tuesday intern op 14th Mar Late"]
[Site "Chess.com INT"]
[Date "2023.03.14"]
[Round "1"]
[White "Maranhao, Jose Renato Ruiz"]
[Black "Pham, Khoi"]
[Result "0-1"]
[WhiteElo "1923"]
[BlackElo "2378"]
[PlyCount "48"]
[EventDate "2023.03.14"]
[EventType "swiss (blitz)"]
[EventRounds "11"]
[EventCountry "USA"]
[SourceTitle "EXT 2024"]
[Source "ChessBase"]
[SourceDate "2023.10.10"]
[SourceVersion "1"]
[SourceVersionDate "2023.10.10"]
[SourceQuality "1"]

1. g3 g6 2. Bg2 Bg7 3. Nf3 e5 4. d4 e4 5. Ne5 d5 6. c4 f6 7. Qa4+ c6 8. Nxc6 Nxc6 9. cxd5 Qxd5 10. Nc3 Qxd4 11. Bxe4 Qxa4 12. Nxa4 Nge7 13. 0-0 0-0 14. Be3 f5 15. Bg2 Be6 16. Nc5 Bd5 17. f3 b6 18. Nd3 Rfe8 19. Nf4 Bf7 20. Rad1 Bxa2 21. Rd7 Rad8 22. Rc7 Bf7 23. Rc1 Ne5 24. Rxa7 g5 0-1

[Event "Titled Tuesday intern op 14th Mar Late"]
[Site "Chess.com INT"]
[Date "2023.03.14"]
[Round "7"]
[White "Pham, Khoi"]
[Black "Sattarov, Bobir"]
[Result "1-0"]
[WhiteElo "2378"]
[BlackElo "2366"]
[PlyCount "53"]
[EventDate "2023.03.14"]
[EventType "swiss (blitz)"]
[EventRounds "11"]
[EventCountry "USA"]
[SourceTitle "EXT 2024"]
[Source "ChessBase"]
[SourceDate "2023.10.10"]
[SourceVersion "1"]
[SourceVersionDate "2023.10.10"]
[SourceQuality "1"]

1. e4 e5 2. Bc4 Bc5 3. d3 Nc6 4. Nc3 Na5 5. Bb3 Nf6 6. f4 d6 7. Nf3 0-0 8. f5 Nxb3 9. axb3 d5 10. Qe2 dxe4 11. dxe4 h6 12. Bd2 Qe7 13. 0-0-0 c6 14. g4 Nxg4 15. Rhg1 Bxg1 16. Rxg1 Nf6 17. Bxh6 Ne8 18. Qg2 f6 19. Nh4 b5 20. Ng6 Qc5 21. b4 Qd4 22. Nxf8 Kxf8 23. Bxg7+ Ke7 24. Bh6 Bd7 25. Rd1 Qxb4 26. Qg8 Nd6 27. Qxa8 1-0

[Event "Titled Tuesday intern op 28th Feb Late"]
[Site "Chess.com INT"]
[Date "2023.02.28"]
[Round "4"]
[White "Rustemov, Alexander"]
[Black "Pham, Khoi"]
[Result "1-0"]
[WhiteElo "2525"]
[BlackElo "2373"]
[PlyCount "89"]
[EventDate "2023.02.28"]
[EventType "swiss (blitz)"]
[EventRounds "11"]
[EventCountry "USA"]
[SourceTitle "CBM 213 Extra"]
[Source "ChessBase"]
[SourceDate "2023.05.31"]
[SourceVersion "1"]
[SourceVersionDate "2023.05.31"]
[SourceQuality "1"]

1. d4 Nf6 2. c4 g6 3. Nf3 Bg7 4. g3 0-0 5. Bg2 d6 6. Nc3 Nc6 7. 0-0 a6 8. h3 Rb8 9. e4 e5 10. Be3 b5 11. dxe5 Nxe5 12. Nxe5 dxe5 13. cxb5 axb5 14. Qc2 Be6 15. Rfd1 Qc8 16. Kh2 c5 17. Nd5 Bxd5 18. exd5 Nd7 19. Rac1 c4 20. b3 cxb3 21. Qxb3 Qa6 22. d6 Nb6 23. Rc6 Qa5 24. d7 Nc4 25. Bg5 f6 26. Bc1 Kh8 27. a4 e4 28. axb5 Ne5 29. Rcd6 f5 30. Bg5 Nf7 31. d8Q Nxd8 32. Be7 Rg8 33. Bf6 Nf7 34. Bxg7+ Rxg7 35. Ra6 Qxb5 36. Qxb5 Rxb5 37. Ra8+ Rg8 38. Ra7 Ne5 39. Rc1 Re8 40. Rcc7 Rb2 41. Kg1 Nd3 42. Rxh7+ Kg8 43. Bf1 Nxf2 44. Bc4+ Kf8 45. Rh8# 1-0

[Event "Leiden Noteboom Memorial 82nd"]
[Site "Leiden"]
[Date "2023.02.26"]
[Round "6"]
[White "Pham, Khoi"]
[Black "Van der Velden, Bram"]
[Result "0-1"]
[WhiteElo "2373"]
[BlackElo "2174"]
[PlyCount "70"]
[EventDate "2023.02.24"]
[EventType "swiss"]
[EventRounds "6"]
[EventCountry "NED"]
[SourceTitle "CBM 212 Extra"]
[Source "ChessBase"]
[SourceDate "2023.03.31"]
[SourceVersion "1"]
[SourceVersionDate "2023.03.31"]
[SourceQuality "1"]

1. e4 c5 2. Nf3 e6 3. d4 cxd4 4. Nxd4 Nc6 5. Nc3 Qc7 6. Be3 a6 7. g4 b5 8. Nxc6 Qxc6 9. Qd2 Bb7 10. 0-0-0 b4 11. Ne2 Nf6 12. f3 d5 13. g5 Nd7 14. Nd4 Qc7 15. exd5 Bxd5 16. Bg2 Bc5 17. f4 Bxg2 18. Qxg2 0-0 19. Rhe1 Nb6 20. f5 exf5 21. Nxf5 Bxe3+ 22. Rxe3 Rfe8 23. Rf3 Nc4 24. Nh6+ Kh8 25. Nxf7+ Kg8 26. g6 h6 27. Rfd3 Ne3 28. Rxe3 Qf4 29. Kb1 Qxe3 30. Nd6 Rad8 31. Qf1 Qe2 32. Qf7+ Kh8 33. Qd5 Qxd1+ 34. Qxd1 Rxd6 35. Qf1 Rde6 0-1